La póliza de seguros contra incendios : (Record no. 190114)

MARC details
000 -LEADER
campo de control de longitud fija 00762nam a2200205 i 4500
001 - NÚMERO DE CONTROL
campo de control 190114
003 - IDENTIFICADOR DE NÚMERO DE CONTROL
campo de control ES-MaACL
005 - FECHA Y HORA DE LA ÚLTIMA TRANSACCIÓN
campo de control 20230906223638.0
008 - DATOS DE LONGITUD FIJA--INFORMACIÓN GENERAL
campo de control de longitud fija 200729q1870 sp |||| | spa d
080 ## - NÚMERO DE LA CLASIFICACIÓN DECIMAL UNIVERSAL
Número de la Clasificación Decimal Universal 368.10
100 1# - ENTRADA PRINCIPAL--NOMBRE DE PERSONA
Nombre de persona Rubau Donadeu, José.
9 (RLIN) 132142
245 13 - MENCIÓN DEL TÍTULO
Título La póliza de seguros contra incendios :
Resto del título explicada y reducida a la más sencilla expresión, o sea, antes del seguro, durante el seguro y después del siniestro /
Mención de responsabilidad, etc. por José Rubau Donadeu.
260 ## - PUBLICACIÓN, DISTRIBUCIÓN, ETC.
Lugar de publicación, distribución, etc. Madrid :
Nombre del editor, distribuidor, etc. [s.n.],
Fecha de publicación, distribución, etc. [ca. 1870] (
Fabricante Julio Rubau Donadeu, lit.)
300 ## - DESCRIPCIÓN FÍSICA
Extensión 19 p. ;
Dimensiones 21 cm.
490 1# - MENCIÓN DE SERIE
Mención de serie Biblioteca de seguros
650 #4 - PUNTO DE ACCESO ADICIONAL DE MATERIA--TÉRMINO DE MATERIA
Término de materia o nombre geográfico como elemento de entrada Seguros de incendios.
9 (RLIN) 170219
830 1# - PUNTO DE ACCESO ADICIONAL DE SERIE-TÍTULO UNIFORME
Título uniforme Biblioteca de seguros
9 (RLIN) 225878
852 4# - LOCALIZACIÓN
Ubicación ES-MaACL
Número de control de estantería T-91-F-10
Holdings
Estatus retirado Estado de pérdida Estado de daño No para préstamo Colección Biblioteca de origen Biblioteca actual Ubicación en estantería Fecha de adquisición Fuente de adquisición Total de préstamos Signatura topográfica completa Código de barras Visto por última vez Precio de reemplazo Tipo de ítem Koha
        Colección de folletos Biblioteca del Ateneo de Madrid Biblioteca del Ateneo de Madrid Depósito folletos 02/04/2005     T-91-F-10 1201804 23/02/2023 23/02/2023 Folleto